000 01057nam a2200301 a 4500
001 000115243
003 CHAP
005 20220329144525.0
008 190121s2018 mx sm |||||||spa d
010 _a111704
011 _a112676
040 _cCHAP
090 _aTesis
100 1 _aRodríguez Romero, Francisco.
_9135470
245 1 0 _aMedición comercial de maderas :
_h[En línea]
_bprácticas en México /
_cpor Francisco Rodríguez Romero.
260 _aChapingo, Méx. :
_bEl autor,
_c2018.
500 _aPara ver el contenido del material haga clic en la liga
502 _aTesis (Ing. Agr. Esp. en Bosques) -- UACH. División de Ciencias Forestales
590 _aE5765TAJ
_b05
_c20190121
_lUCH01
_h0911
590 _aE5765TAJ
_b05
_c20190121
_lUCH01
_h0912
650 1 4 _aMadera aserrada
_xMercadeo.
_969639
650 1 4 _aMadera
_xCubicación.
_969599
650 1 4 _aTablas de volúmenes y rendimientos.
_9111296
856 _aFinding aid
_uhttp://10.13.5.2/tesis/sist115243.pdf
_zTeclea aquí
901 _aBK
942 _cTESIS
942 _n0
999 _c111704
_d111704